BTS - What song and which member - Statistics

General Stats
  • This quiz has been taken 230 times
  • The average score is 16 of 42
Answer Stats
Lyrics Singer % Correct
Suga
82%
Rolling up to party, got the right vibe Butter
77%
Jin
75%
Come be my teacher Boy With Luv
66%
Jungkook
61%
Jungkook
56%
V
56%
RM
55%
Yes I'm a bad boy War Of Hormone
51%
V
48%
Jin
47%
RM
47%
Look at my feet, look down On
45%
Jimin
44%
RM
43%
You know it all, you're my best friend Spring Day
43%
Jimin
42%
You such a liar No More Dream
42%
Just move like we off the wall Dynamite
41%
J-Hope
41%
V
36%
Tell me why you still walking, walking with us We Are Bulletproof The Eternal
36%
Jin
35%
Suga
35%
Super car like Batman Anpanman
34%
Suga
34%
Jimin
32%
Just want to be yours Save Me
30%
Jungkook
29%
J-Hope
28%
It goes round and round I Need U
26%
Inside, I saw myself myself Black Swan
25%
I do believe your galaxy Magic Shop
25%
Where is my angel Blue & Grey
23%
Yeah I'm going out, baby Home
20%
J-Hope
20%
I will never fade away Dis-ease
18%
And all I see is you Moon
15%
Oh could you tell me? The Truth Untold
13%
I'm a love loser Danger
12%
But I'm another star Jamais Vu
7%
I'll show you what I got Love Myself
5%
No matching quizzes found
Score Distribution
Percent of People with Each Score
Percentile by Number Answered
Your Score History
You have not taken this quiz